[Event "Sapporo Autumn Chess Tournament 2024"]
[Site "Sapporo Chess Club"]
[Date "2024.10.13"]
[Round "1.1"]
[White "Furuse, Mizuki"]
[Black "Honda, Yoshiki"]
[Result "1/2-1/2"]
[WhiteElo "1564"]
[BlackElo "1848"]
[Annotator "Fritz 11 SE (30s)"]
[PlyCount "101"]
[EventDate "2024.10.13"]
[EventRounds "5"]
[EventCountry "JPN"]

{A38: Symmetrical English vs ...g6: 4 Bg2 Bg7 5 Nf3 Nf6} 1. Nf3 Nf6 2. g3 g6 3.
Bg2 Bg7 4. O-O O-O 5. c4 d6 6. Nc3 c5 7. d3 Nc6 8. Rb1 Ne8 9. Bd2 (9. a3 Nc7
10. Nd5 Rb8 11. b4 cxb4 12. axb4 b5 13. Be3 bxc4 14. dxc4 Bf5 15. Ra1 Bxa1 16.
Qxa1 e5 17. Bh6 Nxd5 18. cxd5 Nxb4 19. Bxf8 Qxf8 20. Qxa7 Ra8 21. Qb7 Rb8 22.
Qa7 Ra8 23. Qb7 Rb8 {Himanshu,S (2408)-Bai,J (2180) New Delhi 2012 1/2-1/2})
9... Bd7 $146 (9... Nc7 10. a3 (10. Qc1 Rb8 11. Bh6 Bd7 12. a3 a5 13. Nd5 b5
14. Nxc7 Qxc7 15. cxb5 Rxb5 16. Bxg7 Kxg7 17. d4 Bf5 18. Ra1 Qb6 19. d5 Nd4 20.
Qe3 Re8 21. Nd2 e5 22. Rac1 Qa6 23. Nc4 a4 24. f3 Rb3 {Greenfeld,A (2510)
-Cebalo,M (2475) Biel 1986 1/2-1/2 (81)}) 10... a5 11. Ne1 Bd7 12. Nc2 Rb8 13.
b4 axb4 14. axb4 b6 15. b5 Nd4 16. Nxd4 Bxd4 17. Qc2 f5 18. e3 Bg7 19. Ne2 g5
20. Bc3 e5 21. f4 Qe7 22. Qb2 Bc8 23. Ra1 Bb7 24. Ra7 {Enigl,K (2205)-Mahdy,K 
(2455) Austria 1995 0-1 (81)}) 10. a3 {Secures b4} a5 11. Qc2 Nc7 12. Na2 (12.
h4 Bg4 $11) 12... Qc8 13. b4 axb4 14. axb4 Nxb4 (14... Bg4 15. e3 $11) 15. Nxb4
cxb4 16. Bxb4 Ne6 17. Bc3 Bc6 18. Bxg7 Nxg7 19. Qb2 Qd7 20. Ra1 b5 $2 (20...
Ne6 $5 $14 {should not be overlooked}) 21. cxb5 (21. Rxa8 $142 Bxa8 22. cxb5
$16) 21... Bxb5 $2 (21... Rxa1 $142 $5 22. Rxa1 Qb7 $16) 22. Ne5 (22. Rxa8 $5 {
might be the shorter path} Rxa8 23. Ne5 dxe5 24. Bxa8 f6 $18) 22... Rxa1 23.
Nxd7 Rxf1+ 24. Kxf1 Bxd7 25. f4 Be6 (25... Rc8 26. Qb7 Rd8 27. d4 $18) 26. Kf2
(26. Qb7 $5 {seems even better} Nf5 27. Kf2 h5 $18) 26... Rc8 27. h3 h5 28. d4
Kf8 29. d5 Bd7 30. Qb4 Ke8 31. Qb2 {White threatens to win material: Qb2xg7}
Kf8 32. Kg1 Rd8 33. Kh2 Rc8 34. Qb7 Rd8 (34... Ke8 35. Bf3 $18) 35. Bf3 Ke8 36.
g4 hxg4 37. Bxg4 Bxg4 38. hxg4 Kf8 39. e4 Re8 (39... f6 40. Kg3 $18) 40. f5 (
40. e5 $142 $5 {makes it even easier for White} Rd8 $18) 40... gxf5 41. exf5 f6
42. Qb3 (42. Kg3 Kf7 $18) 42... Kf7 (42... Rc8 $5 $16) 43. Kg2 Rh8 44. Qe3 Rh7
45. Qf4 Rh4 46. Kg3 $4 {there were better ways to keep up the pressure} (46.
Qg3 $142 {and the scales tip in favour of White} Rh8 47. Qc3 $18) 46... Nh5+
$11 47. gxh5 Rxf4 48. Kxf4 {A pawn endgame occured} Kg7 49. Kg4 Kh7 50. Kh4 Kg7
51. Kg4 1/2-1/2

[Event "Sapporo Autumn Chess Tournament 2024"]
[Site "Sapporo Chess Club"]
[Date "2024.10.13"]
[Round "1.2"]
[White "Yoshii, Yukihiko"]
[Black "Yajima, Machiko"]
[Result "1-0"]
[WhiteElo "1750"]
[BlackElo "1469"]
[Annotator "Fritz 11 SE (30s)"]
[PlyCount "63"]
[EventDate "2024.10.13"]
[EventRounds "5"]
[EventCountry "JPN"]

{[%mdl 8192] A53: Old Indian Defence without Nf3} 1. c4 d6 2. d4 Nf6 3. Nc3 Nc6
4. Nf3 (4. e4 e5 5. d5 Ne7 (5... Nd4 6. Be3 c5 7. dxc6 bxc6 8. Bxd4 exd4 9.
Qxd4 Rb8 10. O-O-O Qa5 11. Nf3 Nd7 12. Qe3 Qb4 13. Rd2 Ne5 14. Qxa7 Be7 15. a3
Rb7 16. Qa6 Qc5 17. b4 Qa7 18. Qxa7 Rxa7 19. Nxe5 dxe5 20. Kb2 {Palo,D (2550)
-Fries Nielsen,J (2416) Aarhus 2014 1-0 (39)}) 6. f3 Ng6 7. Be3 Be7 8. Qd2 h6
9. g3 Nh5 10. Nh3 Bxh3 11. Bxh3 Bg5 12. O-O-O Bxe3 13. Qxe3 Qg5 14. Kd2 c6 15.
Rhe1 a5 16. dxc6 bxc6 17. Kc2 Qxe3 18. Rxe3 Rd8 {Novikov,I (2719)-Bonin,J 
(2413) Mineola 2002 1-0 (50)}) 4... Bd7 $146 (4... Bg4 5. d5 (5. Bg5 e6 6. e3
Be7 7. Be2 h6 8. Bh4 e5 9. Bg3 Nh5 10. Nxe5 dxe5 11. Bxg4 Nxg3 12. hxg3 exd4
13. exd4 Qxd4 14. Qxd4 Nxd4 15. O-O-O c5 16. Rhe1 Kf8 17. Bf3 Rb8 18. Nb5 Nxf3
19. gxf3 a6 {Orlov,N (2285)-Liberman,E (2159) Samara 2012 0-1 (48)}) 5... Ne5
6. Nxe5 dxe5 7. f3 Bd7 8. e4 e6 9. Be3 Be7 10. Qd2 O-O 11. O-O-O exd5 12. exd5
a6 13. c5 Ne8 14. Bc4 b5 15. Bb3 Bf5 16. g4 Bg6 17. Ne4 Bxe4 18. fxe4 a5 19.
Rdf1 {Balazs,I (2175)-Lenart,E (2221) Hungary 2005 0-1 (54)}) (4... a6 5. d5
Na5 6. e4 c5 7. a3 Qc7 8. Be3 Bd7 9. Nd2 Ng4 10. Bf4 g5 11. Bxg5 b5 12. cxb5 c4
13. Be2 Ne5 14. bxa6 Rg8 15. Be3 Rxg2 16. b4 cxb3 17. Nb5 Qb8 18. a7 Qxb5 19.
Bxb5 {Nguyen,C (2366)-Gervasio,R (2332) Paris 2003 1-0 (34)}) 5. e4 e5 6. d5 {
White threatens to win material: d5xc6} Nb4 (6... Ne7 7. Qb3 b6 8. Be2 $14) 7.
a3 $16 Na6 8. b4 c6 (8... g6 $5 $16) 9. dxc6 $18 bxc6 10. c5 Qc8 $2 (10... Nb8
$142 11. Bc4 a5 $18) 11. cxd6 Nb8 (11... Bg4 {doesn't get the bull off the ice}
12. Qd3 Bxf3 13. gxf3 $18 (13. Qxf3 $6 Nb8 $18) (13. Qxa6 $6 {is much worse}
Bxe4 14. Nxe4 Nxe4 $16)) 12. Be2 (12. Nxe5 $142 {keeps an even firmer grip} Be6
13. Bf4 Nbd7 $18) 12... a5 13. Bb2 (13. Na4 $142 {and White can already relax}
Qd8 14. Be3 $18) 13... c5 $4 {terrible, but what else could Black do to save
the game?} (13... axb4 14. Na4 Qd8 15. axb4 Nxe4 16. Bxe5 Bf5 $18) 14. b5 c4 (
14... Be6 {is not much help} 15. Nxe5 Qd8 16. Nf3 Qxd6 17. Qxd6 Bxd6 18. e5 $18
) 15. Nxe5 Be6 16. a4 (16. Qd4 {keeps an even firmer grip} Qd8 17. Nxc4 Bxc4
18. Bxc4 Qxd6 $18) 16... Nbd7 (16... Qc5 {there is nothing better in the
position} 17. Nf3 Bxd6 $18) 17. Nc6 g6 (17... Nb8 {does not improve anything}
18. e5 Nxc6 19. bxc6 $18) 18. e5 Ng4 (18... Nxe5 {desperation} 19. Nxe5 Bg7 $18
) 19. Bxg4 Bxg4 20. Qxg4 Nxe5 21. Qxc8+ Rxc8 22. Nxe5 Bxd6 23. Nc6 Bb4 24. O-O
Bc5 25. Ne4 Bf8 26. Bxh8 (26. Nf6#) 26... Kd7 27. Rad1+ Ke6 (27... Kc7 {
a fruitless try to alter the course of the game} 28. Be5+ Kb6 29. Rd7 Rxc6 30.
Bb8 Rc7 31. Bxc7+ Kb7 32. Bxa5+ Kb8 33. Rd8+ Kb7 34. Rxf8 f5 35. Rd1 fxe4 36.
Rd7#) 28. Ng5+ Kf5 29. Rd5+ Kg4 30. h3+ Kh5 31. Nxf7+ Kh4 (31... g5 {is no
salvation} 32. Rxg5+ Kh4 33. Nd4 c3 34. Nf5#) 32. Bf6+ (32. Bf6+ g5 33. Rxg5
Rxc6 34. Kh2 Rxf6 35. g3#) (32. Kh2 Bd6+ 33. g3+ Bxg3+ 34. fxg3#) 1-0

[Event "Sapporo Autumn Chess Tournament 2024"]
[Site "Sapporo Chess Club"]
[Date "2024.10.13"]
[Round "1.3"]
[White "Ito, Katsuhide"]
[Black "Nishimori, Toshiyuki"]
[Result "0-1"]
[WhiteElo "1448"]
[BlackElo "1746"]
[Annotator "Fritz 11 SE (30s)"]
[PlyCount "88"]
[EventDate "2024.10.13"]
[EventRounds "5"]
[EventCountry "JPN"]

{[%mdl 8192] B33: Sicilian: Pelikan and Sveshnikov Variations} 1. e4 c5 2. Nf3
Nc6 3. d4 cxd4 4. Nxd4 Nf6 5. Nc3 e5 6. Ndb5 d6 7. Bg5 a6 8. Na3 b5 9. Bxf6
gxf6 10. Nd5 f5 11. Bd3 Be6 12. Qh5 f4 13. O-O Bg7 14. c3 (14. Rfd1 O-O 15. c4
Nd4 16. cxb5 Bxd5 17. exd5 f5 18. Bf1 axb5 19. Nxb5 Nxb5 20. Bxb5 e4 21. Qe2 f3
22. gxf3 Qh4 23. Kh1 Be5 24. Rg1+ Kh8 25. Rg3 Rfb8 26. f4 Qxf4 27. a4 Qh6 28.
Rg2 Rg8 {Isaev,J (2450)-Doghri,N (2350) Yerevan 1996 1/2-1/2 (42)}) 14... Rb8
$146 (14... h6 15. Nc2 Rg8 16. h3 Bf8 17. a4 Rg5 18. Qf3 h5 19. Be2 f5 20. axb5
Bxd5 21. exd5 Ne7 22. Rxa6 Rxa6 23. bxa6 e4 24. Qxf4 Bh6 25. Kh1 Nxd5 26. Qd2
f4 27. Qd4 Re5 28. a7 Nb6 29. Qxb6 {Janetschek,K (2320)-Rajna,G (2370)
Kecskemet 1979 1-0 (40)}) (14... Ra7 15. Nc2 O-O 16. a4 bxa4 17. Rxa4 f5 18.
Ncb4 Nxb4 19. Nxb4 Rf6 20. Rfa1 Rh6 21. Qf3 Qh4 22. h3 d5 23. exf5 e4 24. Qg4
Qxg4 25. hxg4 exd3 26. fxe6 d2 27. Rd1 Rxe6 28. Rxd2 Re1+ 29. Kh2 {Martinez
Romero,M (2408)-Guerra Tulcan,L (2360) La Libertad 2015 1-0 (35)}) (14... Ne7
15. Qg5 Rg8 16. Qxe7+ Qxe7 17. Nxe7 Kxe7 18. Nc2 Rab8 19. a4 bxa4 20. Nb4 Bd7
21. Bxa6 Kd8 22. Bc4 Bf8 23. Bxf7 Rg7 24. Bd5 Bh3 25. g3 Bxf1 26. Kxf1 fxg3 27.
hxg3 Rb6 28. Rxa4 Rc7 29. Bb3 {Ahmed,A (2246)-Ahmed,H (2253) Beijing 2008 1-0 
(53)}) (14... Bxd5 15. exd5 Ne7 16. Rad1 Ng6 17. g3 Qf6 18. Nc2 O-O 19. Ne1 h6
20. Nf3 Rfc8 21. h4 Rc5 22. Be4 Rb8 23. g4 b4 24. g5 hxg5 25. hxg5 Qe7 26. Kg2
bxc3 27. bxc3 Rxc3 28. Rh1 Rb4 29. Rde1 {Alzate,D (2426)-Martinez Garcia,J 
(2172) Buenos Aires 2003 1-0 (38)}) 15. Nc2 Ne7 (15... O-O $5 $14) 16. Ncb4 $16
Nxd5 (16... Qc8 $142 $5 $16) 17. exd5 $18 (17. Nxd5 $6 O-O $14) 17... Bc8 $2 (
17... Bd7 $142 18. Nc6 Bxc6 19. dxc6 Qc7 $18) 18. Nc6 Qb6 19. Qg5 O-O 20. Nxb8
(20. Ne7+ $142 {makes it even easier for White} Kh8 21. Nf5 $18) 20... Qxb8 21.
Qh5 (21. Bf5 Qb6 $18) 21... h6 (21... f5 22. f3 $16) 22. Be4 (22. Bf5 $5 a5 $18
) 22... f5 $16 23. Bc2 Qb7 24. Rad1 Qe7 {[%cal Ye5e4] Black prepares e4} 25.
Rd3 (25. f3 Bd7 $16) 25... e4 26. Rh3 Qf6 27. Re1 Bd7 28. Rh4 $4 {stumbles
just before the finish line} (28. Qh4 $142 Qxh4 29. Rxh4 $16) 28... Be8 $19 29.
Qd1 Qxh4 30. b4 (30. f3 {no good, but what else?} Be5 31. Rf1 $19) 30... Be5 (
30... Bxc3 31. Qe2 f3 32. Qf1 Bxe1 33. g3 Bxf2+ 34. Qxf2 $19) 31. f3 e3 32. Qe2
(32. Re2 {does not win a prize} Bxc3 33. a3 Bd7 $19) 32... Bxc3 33. Rc1 (33.
Rd1 {cannot change destiny} Bxb4 34. Bb3 Bc5 $19) 33... Bd2 34. Rf1 Bd7 35. a3
(35. Rb1 {does not help much} Rc8 36. Bb3 Bxb4 $19) 35... Rc8 36. Bd3 (36. Bb1
{doesn't change the outcome of the game} Qf6 $19) 36... Rc3 37. Rd1 (37. Bb1 {
doesn't improve anything} Rxa3 38. Kh1 Bxb4 $19) 37... Rxa3 (37... Rxd3 $142 {
seems even better} 38. Qf1 $19) 38. Rxd2 (38. Kh1 $19 {praying for a miracle})
38... exd2 39. Qxd2 Ra1+ 40. Bf1 Qe1 41. Qf2 Qxf2+ (41... a5 42. Qxe1 Rxe1 43.
Kf2 Rxf1+ 44. Kxf1 a4 45. Ke2 a3 46. Kd3 a2 47. h4 a1=Q 48. Kc2 Qa4+ 49. Kd2
Qxb4+ 50. Kc2 Qc5+ 51. Kb2 b4 52. g4 Qc3+ 53. Ka2 Qc2+ 54. Ka1 b3 55. gxf5 Qa2#
) 42. Kxf2 Rb1 43. g3 fxg3+ 44. Kxg3 Rxf1 (44... Rxf1 45. h3 a5 46. Kg2 Ra1 47.
Kh2 axb4 48. Kg3 b3 49. Kh4 b2 50. Kg3 b1=Q 51. f4 Qf1 52. Kh4 Qxf4+ 53. Kh5
Be8#) 0-1

[Event "Sapporo Autumn Chess Tournament 2024"]
[Site "Sapporo Chess Club"]
[Date "2024.10.13"]
[Round "1.4"]
[White "Aoki, Yasuhiro"]
[Black "Okimura, Mikiko"]
[Result "1-0"]
[WhiteElo "1721"]
[BlackElo "1000"]
[Annotator "Fritz 11 SE (30s)"]
[PlyCount "67"]
[EventDate "2024.10.13"]
[EventRounds "5"]
[EventCountry "JPN"]

{[%mdl 8192] D12: Slav Defence: 3 Nf3 Nf6 4 e3 Bf5} 1. c4 c6 2. Nf3 d5 3. e3
Bf5 4. Be2 $146 (4. cxd5 cxd5 5. Qb3 (5. Nc3 e6 6. Qa4+ Nc6 7. Nd4 Nge7 8. Bb5
Qd7 9. b3 Rc8 10. Ba3 a6 11. Bxc6 Nxc6 12. Nxf5 exf5 13. Bxf8 Kxf8 14. O-O g6
15. Ne2 Kg7 16. Rac1 Qd6 17. d4 Na7 18. Qa5 Rxc1 19. Rxc1 Rc8 {Bocharov,D 
(2577)-Sakaev,K (2594) St Petersburg 2015 1-0 (56)}) 5... Qc7 6. Bb5+ (6. Nc3
e6 7. Nh4 Bg6 8. Nxg6 hxg6 9. g3 Nf6 10. Bg2 Nc6 11. O-O Be7 12. d3 O-O 13. Bd2
Qd7 14. Ne2 e5 15. Rac1 Rac8 16. h3 b6 17. a3 Na5 18. Qa2 e4 19. dxe4 dxe4 20.
b4 Rxc1 {Glud,J (2526)-Beinoras,M (2389) Warsaw 2013 1-0 (61)}) 6... Bd7 7. Nc3
e6 8. Bxd7+ (8. d4 Nf6 9. Bd2 Nc6 10. Rc1 Be7 11. O-O O-O 12. Bd3 Rac8 13. Ne5
Qb8 14. f4 Rfd8 15. Qd1 Bb4 16. Qf3 Be8 17. Be1 Be7 18. Bh4 a6 19. f5 Qd6 20.
fxe6 fxe6 21. Nxc6 Bxc6 22. Bg3 Qd7 {Harika,D (2496)-Frisk,E (2266) Caleta
2015 1-0 (52)}) 8... Nxd7 9. d4 Ngf6 10. Bd2 a6 11. O-O Bd6 12. Rfc1 Qb6 13.
Qc2 Rc8 14. a4 O-O 15. a5 Qc7 16. Qb1 Qb8 17. h3 Rc6 18. b4 Rc4 {Alekhine,
A-Euwe,M Netherlands 1937 1-0 (37)}) (4. cxd5 cxd5 5. Qb3 Nc6 $14) 4... Nf6 5.
Nc3 e6 6. O-O Bd6 7. d4 O-O 8. Nh4 Qc7 9. h3 {Prevents intrusion on g4} Nbd7
10. Nxf5 exf5 11. Bd3 {White threatens to win material: Bd3xf5} Rae8 $2 (11...
g6 $5 $11 {is worth consideration}) 12. cxd5 (12. c5 Be7 13. Bxf5 b6 $16) 12...
Nxd5 13. Bxf5 Nxc3 14. bxc3 h6 $2 (14... g6 15. Bd3 $16) 15. Bd3 (15. e4 $142
$5 {might be the shorter path} Rd8 16. e5 Nxe5 17. dxe5 Bxe5 $18) 15... Re6 (
15... Nf6 16. Qf3 Qe7 17. Rb1 $18) 16. e4 $18 Rfe8 (16... Bh2+ 17. Kh1 Bf4 $18)
17. e5 Be7 (17... Nxe5 18. dxe5 Bxe5 19. Qc2 $18) 18. Bf5 c5 (18... Bd8 {
hardly improves anything} 19. Bxe6 Rxe6 20. f4 $18) 19. Bxe6 fxe6 20. Qg4 Nb6 (
20... Bf8 {does not save the day} 21. Bxh6 Nb6 22. Rad1 $18) 21. Qxe6+ Kh8 22.
d5 Qd7 23. Qxd7 Nxd7 24. f4 Nb6 (24... g6 {doesn't do any good} 25. Kf2 $18)
25. Rd1 (25. d6 {and White can already relax} Bd8 26. Rb1 Kg8 $18) 25... Rd8 (
25... Na4 {is not the saving move} 26. c4 $18) 26. d6 Bf8 27. Be3 Nd7 (27...
Na4 {cannot change what is in store for White} 28. Rdb1 $18) 28. e6 Nf6 (28...
Kg8 {doesn't get the cat off the tree} 29. e7 Re8 30. exf8=R+ Kxf8 31. Bf2 $18)
29. e7 Nd7 (29... Bxe7 {is the last straw} 30. dxe7 Re8 31. Bxc5 Kg8 $18) 30.
exd8=Q Kg8 (30... a6 {doesn't change anything anymore} 31. Qxd7 Kh7 32. Qf5+ g6
33. Qxf8 h5 34. Qf7+ Kh8 35. Bxc5 b6 36. Bd4#) 31. Qxd7 Kh7 (31... a6 {cannot
undo what has already been done} 32. Qe6+ Kh7 33. d7 Kh8 34. d8=Q c4 35. Qxf8+
Kh7 36. Qfg8#) 32. Qf7 h5 (32... b5 {does not solve anything} 33. Qxf8 b4 34.
d7 h5 35. Rd6 bxc3 36. d8=Q c2 37. Qg8#) 33. Rd5 Bxd6 34. Rxh5# 1-0

[Event "Sapporo Autumn Chess Tournament 2024"]
[Site "Sapporo Chess Club"]
[Date "2024.10.13"]
[Round "1.5"]
[White "Ono, Yukiko"]
[Black "Tang, Yichen"]
[Result "0-1"]
[WhiteElo "1000"]
[BlackElo "1696"]
[Annotator "Fritz 11 SE (30s)"]
[PlyCount "34"]
[EventDate "2024.10.13"]
[EventRounds "5"]
[EventCountry "JPN"]

{[%mdl 8192] B50: Sicilian: 2...d6, Miscellaneous} 1. e4 c5 2. Nc3 d6 3. Bc4
Nf6 (3... e6 4. f4 a6 5. d3 Nf6 6. e5 dxe5 7. fxe5 Nfd7 8. Nf3 Nc6 9. Bf4 Be7
10. Qe2 g5 11. Bg3 g4 12. Nd2 Nd4 13. Qd1 Bh4 14. Qxg4 Nxc2+ 15. Ke2 Bxg3 16.
hxg3 Nxa1 17. Qg7 Rf8 18. Nde4 {Nadj Hedjesi,B (2407)-Ilincic,Z (2447)
Subotica 2010 0-1}) 4. d3 g6 $146 (4... e6 5. Bg5 (5. f4 Be7 6. Nf3 a6 7. a4
Nc6 8. O-O O-O 9. Kh1 Nb4 10. Bb3 Qc7 11. Qe2 Bd7 12. Nd1 b5 13. axb5 axb5 14.
Rxa8 Rxa8 15. c3 Nxd3 16. Bd2 c4 17. Bc2 Bc6 18. e5 Ne4 19. Be3 Rd8 {Elfert,A 
(2369)-Somogyi,Z (2164) Oberwart 2002 0-1 (57)}) 5... Be7 6. f4 (6. Nf3 Nc6 7.
a3 a6 8. O-O h6 9. Bf4 g5 10. Bd2 b5 11. Ba2 Bb7 12. Ne2 d5 13. Ng3 dxe4 14.
dxe4 g4 15. Ne1 h5 16. Bc3 Qxd1 17. Rxd1 h4 18. Ne2 Rg8 19. Bxf6 Bxf6 20. c3
Ne5 {Nikolic,S (2405)-Mariotti,S (2470) Rovigo 1976 0-1 (62)}) 6... O-O 7. Nf3
d5 8. Bb3 d4 9. Bxf6 Bxf6 10. Nb1 Nc6 11. Nbd2 a6 12. O-O b5 13. Kh1 Bb7 14. g4
Na5 15. Qe2 Rc8 16. a4 Qc7 17. axb5 axb5 18. g5 Be7 19. Ne5 {Becker,T (2220)
-Schwing,H (2240) Merzig 1996 0-1 (44)}) (4... Nc6 5. Nge2 e6 6. a4 d5 7. exd5
exd5 8. Bb3 Be7 9. O-O O-O 10. Bf4 Be6 11. Nb5 Rc8 12. c3 Qd7 13. Bc2 a6 14.
Na3 Bg4 15. h3 Bh5 16. Qd2 Rfe8 17. Ng3 Bg6 18. Rfe1 Bd6 19. Bxd6 {Balazs,T 
(2240)-Sapi,L (2300) Hungary 1993 1/2-1/2 (43)}) 5. Nf3 Bg7 6. Be3 Nc6 7. a3 {
Covers b4} O-O 8. Qd2 e6 {Consolidates d5} 9. O-O (9. Bg5 $5 $11 {is
interesting}) 9... d5 $17 10. exd5 (10. Bg5 $5 dxc4 11. e5 $17) 10... exd5 11.
Nxd5 (11. Bxc5 $5 dxc4 12. Bxf8 Kxf8 13. dxc4 Qxd2 14. Nxd2 $17) 11... Nxd5 $19
12. Bg5 (12. Bxc5 Re8 (12... Bxb2 $6 13. Bxf8 Bxa1 14. Rxa1 Kxf8 15. Qh6+ Ke7
16. Re1+ Be6 17. Ng5 $15) 13. Rfe1 Be6 $19 (13... Bxb2 {is much weaker} 14.
Rxe8+ Qxe8 15. Re1 $18)) 12... Qd6 13. c3 (13. Bh6 {does not save the day} Bf5
$19) 13... Re8 14. Rab1 (14. Rae1 {cannot change what is in store for White}
Bf5 $19) 14... Nb6 (14... Bg4 {and Black can already relax} 15. Nh4 Re2 16. Qd1
$19) 15. Bf4 (15. Bb3 {doesn't change the outcome of the game} Bf5 16. Rbd1 Ne5
17. Nxe5 Bxe5 $19 (17... Rxe5 $6 18. Bf4 Nd5 19. Bxe5 Bxe5 20. g3 $19)) 15...
Qd7 (15... Nxc4 $142 {keeps an even firmer grip} 16. dxc4 Qxd2 17. Nxd2 Bf5 $19
) 16. Ne5 (16. Ba2 $19) 16... Nxe5 17. Bxe5 (17. b3 {there is nothing else
anyway} Nbxc4 18. dxc4 Qxd2 19. Bxd2 $19) 17... Bxe5 (17... Bxe5 18. Rbd1 Qa4
$19) 0-1

[Event "Sapporo Autumn Chess Tournament 2024"]
[Site "Sapporo Chess Club"]
[Date "2024.10.13"]
[Round "2.1"]
[White "Tang, Yichen"]
[Black "Yoshii, Yukihiko"]
[Result "1-0"]
[WhiteElo "1696"]
[BlackElo "1750"]
[Annotator "Fritz 11 SE (30s)"]
[PlyCount "53"]
[EventDate "2024.10.13"]
[EventRounds "5"]
[EventCountry "JPN"]

{[%mdl 8256] C44: Ponziani Opening and Scotch Gambit} 1. e4 e5 2. d4 exd4 3. c3
dxc3 4. Bc4 d6 (4... Nf6 5. Nxc3 d5 6. Nxd5 Nxd5 7. exd5 Bb4+ 8. Bd2 Bxd2+ 9.
Qxd2 O-O 10. Ne2 Nd7 11. O-O Nf6 12. Nc3 a6 13. b4 Qd6 14. a3 Bd7 15. Qd4 Rfe8
16. Rad1 Re7 17. Be2 Rae8 18. Bf3 h6 19. h3 {Tisdall,J (2420)-Olafsson,H (2515)
Vestmannaeyjum 1985 0-1 (52)}) 5. Nf3 $146 (5. Nxc3 Nd7 (5... Nc6 6. Qb3 Qd7 7.
Nf3 h6 8. O-O Na5 9. Qb4 Nxc4 10. Qxc4 c6 11. h3 Ne7 12. Bf4 {1/2-1/2 (12)
Eberth,Z (2166)-Domany,M (2216) Hungary 2013}) 6. Nf3 Nb6 7. O-O Nxc4 8. Qa4+
c6 9. Qxc4 Be6 10. Qe2 Nf6 11. Bg5 Be7 12. Rfd1 O-O 13. Nd4 Bg4 14. f3 Bd7 15.
e5 dxe5 16. Qxe5 Re8 17. Nf5 Bf8 18. Qg3 Nh5 19. Qg4 Qb6+ {Dunne,A (2300)
-Hjartarson,J (2605) Philadelphia 1997 0-1 (36)}) 5... Be7 6. O-O {White has a
king attack} ({Inferior is} 6. bxc3 Nf6 $15) 6... Nf6 {Black threatens to win
material: Nf6xe4} 7. Nxc3 O-O {Black castles and improves king safety} 8. Bf4
Nc6 9. h3 {Prevents intrusion on g4} h6 {Black has a cramped position} 10. Re1
a6 {Secures b5} 11. e5 dxe5 12. Nxe5 Bd6 13. Nxc6 bxc6 {White has a very
active position} 14. Be3 Bb7 (14... Be6 15. Bxe6 fxe6 16. Bd4 $11) 15. Qb3 {
White threatens to win material: Qb3xb7} Qc8 (15... Bc8 16. Qc2 $11) 16. Na4 {
White has an active position} (16. Bd4 $5 c5 17. Bxf6 gxf6 18. Ne4 Bxe4 19.
Rxe4 $14) 16... Nd7 $14 17. Nc3 (17. Bd3 c5 $14) 17... c5 $11 18. Rad1 Rb8 19.
Qc2 Nf6 (19... Ne5 $142 {and Black could well hope to play on} 20. Bd5 Rd8 $11)
20. Bxh6 $1 $16 {Deflection: f7} gxh6 $4 {simply worsens the situation} (20...
Re8 $142 $16) 21. Qg6+ Kh8 22. Qxf6+ Kg8 23. Re3 Qd8 (23... h5 {does not help
much} 24. Qg6+ Kh8 25. Qxh5+ Kg7 26. Rxd6 Be4 27. Nxe4 Qe6 28. Rg3+ Qg6 29.
Rdxg6+ fxg6 30. Rxg6#) 24. Qg6+ Kh8 25. Qxh6+ (25. Bxf7 $6 {is a bad
alternative} Qg5 26. Qxg5 hxg5 $16) 25... Kg8 26. f4 Bxf4 (26... Qh4 {hardly
improves anything} 27. Qxh4 Bf3 28. Rxf3 Rfe8 29. Qh6 Re3 30. Nd5 Re6 31. Rg3+
Rg6 32. Nf6#) 27. Qxf4 (27. Qxf4 Qd4 28. Rxd4 Be4 29. Qg5+ Kh7 30. Rexe4 Rb6
31. Rh4+ Rh6 32. Rxh6#) (27. Rxd8 $6 {is a weaker possibility} Bxh6 28. Rg3+
Kh7 29. Rxf8 Bxf8 $11) 1-0